[Event "Charlotte Spring-B 2022"]
[Site "Charlotte"]
[Date "2022.03.20"]
[Round "7.3"]
[White "Mishra, Prateek"]
[Black "Adewumi, Tanitoluwa"]
[Result "1-0"]
[WhiteElo "2128"]
[BlackElo "2190"]
[Annotator "TA"]
[PlyCount "89"]
[EventDate "2022.03.16"]
[EventType "tourn"]
[EventCountry "USA"]
[SourceTitle "playchess.com"]
[Source "ChessBase"]
[SourceQuality "1"]

{[%evp 11,89,35,39,7,16,0,10,0,17,20,31,-15,-7,-35,-16,-35,-13,-79,-52,-60,-35,-41,-50,-72,-63,-77,-50,-66,-22,-43,-64,-54,0,2,0,0,52,64,67,58,67,55,54,30,45,0,0,0,0,0,0,0,372,361,362,355,466,445,448,430,423,289,498,475,628,600,728,741,968,968,914,845,1363,1217,1977,2039,5265,3299,2026,2068]} 1. e4 c5 2. Nf3 e6 3. d4 cxd4 4. Nxd4 Nc6 5. Nc3 Qc7 6. Be3 a6 7. g4 {now supersedes 7.Qd2. B48: Sicilian: Taimanov: 5 Nc3 Qc7 6 Be3 a6 without Be2.} (7. a3 {is more complex.} Nf6 8. f4 d6 9. Qf3 e5 10. Nb3) 7... b5 8. Nxc6 dxc6 9. Qd2 {The position is equal.} e5 10. f3 Be6 {[#]} 11. Qf2 $146 (11. a4 $14 b4 12. Nd1) ({Predecessor:} 11. O-O-O Qa5 12. Nb1 Qxa2 13. Qc3 Rc8 14. Qxe5 f6 15. Qc3 Qa1 16. b3 Ba3+ 17. Kd2 {½-½ (30) Arun,K (1629)-Ankit,R (1895) New Delhi 2022}) 11... Nf6 $11 12. g5 Nd7 13. h4 Qa5 14. Bg2 (14. Qh2 $11 {keeps the balance.}) 14... b4 {[%cal Bb5b4,Bb4b3][%mdl 32]} (14... Ba3 $5 {[%cal Ra3b2]} 15. Bc1 h6 $1 $15) 15. Nd1 b3+ $1 16. Nc3 ({Much weaker is} 16. Bd2 Qxa2 $1 17. Rc1 (17. Rxa2 $2 bxa2 18. f4 exf4 $19) 17... Nc5 $17) 16... bxa2 {Strongly threatening ...Rb8.} 17. O-O {[%cal Oc3a2]} Rb8 18. Nd1 Bc4 19. Bd2 Bb4 (19... Qb5 $15 20. Re1 Bc5) 20. Bxb4 Rxb4 21. Re1 O-O (21... Be6 $1 $15) 22. b3 Be6 23. Nc3 Rb6 (23... Rd4 $11 24. Qe3 Qb6) 24. Qe3 $14 f6 (24... Bxb3 25. cxb3 Rxb3 26. Rec1 $16) 25. Rxa2 Qb4 26. Ra4 Qe7 27. Rd1 Rfb8 28. Bf1 (28. Ra5 $14) 28... fxg5 $1 $11 29. hxg5 Nf8 $1 30. Bxa6 Ng6 {Threatens to win with ...Nf4.} 31. Ne2 $36 {[%mdl 2048] To avoid Nf4. White is pushing.} Rf8 $2 {[%mdl 8192]} 32. Qxb6 $18 {Qe3 is the strong threat.} Qxg5+ {[#]} 33. Kf2 $1 {[%cal Bg1f2,Bf2e3,Be3d2,Bd2c3,Bc3b2][%mdl 32]} Qh4+ 34. Ke3 ({Not} 34. Kg1 Qg5+ 35. Kf2 Qh4+ 36. Ke3 Qg5+ 37. Kf2 $18) 34... Qg5+ {[#]} 35. f4 $1 exf4+ 36. Kd2 Ne5 $2 (36... f3+ {was worth a try.} 37. Qe3 Qg2) 37. Nd4 {White is clearly winning.} f3+ 38. Kc3 Qe3+ 39. Kb2 Bh3 40. Qc5 Qf4 41. Bf1 Bd7 {[#]} 42. Nxf3 $1 Qxf3 (42... Nxf3 43. Bc4+) 43. Bc4+ Kh8 44. Rf1 Nxc4+ 45. Qxc4 {Weighted Error Value: White=0.14 (very precise) /Black=0.47} 1-0

[Event "Charlotte Spring-B 2022"]
[Site "Charlotte"]
[Date "2022.03.20"]
[Round "7.4"]
[White "Ngo, Bach"]
[Black "Arjun, Vishnuvardhan"]
[Result "1/2-1/2"]
[WhiteElo "2306"]
[BlackElo "2268"]
[Annotator "TA"]
[PlyCount "42"]
[EventDate "2022.03.16"]
[EventType "tourn"]
[EventCountry "USA"]
[SourceTitle "playchess.com"]
[Source "ChessBase"]
[SourceQuality "1"]

{[%evp 9,42,0,0,0,0,0,0,0,0,0,0,0,0,-24,-24,-49,-27,-26,-39,-18,23,0,0,0,0,0,0,0,-4,-8,-8,-7,0,-19,-15]} 1. d4 Nf6 2. Nf3 g6 3. Nc3 d5 4. Bf4 Bg7 5. Nb5 Na6 6. e3 {D00: 1 d4 d5: Unusual lines.} c6 7. Nc3 Qb6 8. Rb1 Bg4 {[#]} 9. h3 $146 ({Predecessor:} 9. Be2 Nd7 10. O-O Bxf3 11. Bxf3 e5 12. dxe5 Nxe5 13. Be2 O-O 14. b4 Nc4 15. Na4 {½-½ (66) Tristan,L (2493)-Carbone,D (2256) Montevideo 2019}) 9... Bxf3 10. Qxf3 Nd7 11. Qd1 {[%cal Ob2b4]} e5 12. dxe5 Nxe5 13. Be2 O-O 14. O-O {[%cal Ob2b4]} Rad8 (14... Nc5 {feels stronger.}) 15. Na4 (15. b4 $5) 15... Qa5 {The position is equal.} 16. c3 b5 17. b4 Qc7 18. Nb2 Nb8 19. a4 a6 20. Qc2 Nbd7 21. axb5 axb5 {Weighted Error Value: White=0.05 (flawless) /Black=0.03 (flawless)} 1/2-1/2

[Event "Charlotte Spring-B 2022"]
[Site "Charlotte"]
[Date "2022.03.20"]
[Round "7.5"]
[White "Almeida Saenz, Alfonso"]
[Black "Plotkin, Mark"]
[Result "1-0"]
[WhiteElo "2259"]
[BlackElo "2400"]
[Annotator "TA"]
[PlyCount "84"]
[EventDate "2022.03.16"]
[EventType "tourn"]
[EventCountry "USA"]
[SourceTitle "playchess.com"]
[Source "ChessBase"]
[SourceQuality "1"]

{[%evp 9,84,43,39,43,37,40,41,45,107,66,102,107,125,122,137,134,145,137,139,135,139,122,127,114,120,21,20,11,6,-208,-190,-191,0,-197,-199,-196,-158,-176,-104,-239,-141,-195,-181,-190,0,0,0,0,0,0,0,-13,0,0,0,0,654,0,0,0,352,306,301,80,1224,1239,29988,29989,29989,29990,29990,29991,29991,29992,29992,29993,29997]} 1. d4 {[%cal Bd2d4,Bd4d5][%mdl 32]} Nf6 2. Bg5 e6 3. e4 c5 4. d5 h6 5. Bxf6 Qxf6 6. Nc3 {A45: Trompowsky Attack.} a6 7. a4 d6 8. Nf3 {[%cal Oe4e5,Bg1f3,Bf3d2,Bd2c4][%mdl 32] White is slightly better.} g5 {[#]} (8... Be7 $14) 9. h4 $146 ({White should play} 9. Nd2 $16) ({Predecessor:} 9. h3 e5 10. Nd2 Be7 11. Nc4 Nd7 12. Be2 b6 13. Bg4 Rb8 14. Ne3 Nf8 15. Bxc8 Rxc8 {1-0 (66) Mayaud,R (2202)-Ingebretsen,J (2266) Chess.com INT 2021}) 9... g4 10. Nd2 e5 11. Nc4 Qd8 {Prevents Nb6.} 12. g3 Rg8 13. a5 Nd7 14. Be2 h5 15. Qd3 Rb8 16. Rf1 Rg6 17. O-O-O (17. Na4 $16) 17... b5 18. axb6 $1 {Black must now prevent Na4.} Nxb6 19. f4 $2 (19. Na3 $11 {and White has nothing to worry.}) 19... Nxc4 $19 20. Qxc4 Bg7 $2 (20... Bh6 $19 {aiming for ...exf4.} 21. Qa4+ Kf8) 21. Qa4+ $2 (21. f5 $1 $11 Bh6+ 22. Kb1) 21... Bd7 22. Qxa6 exf4 23. gxf4 Qxh4 (23... Kf8 $19 24. f5 Rh6) 24. Bb5 (24. Bd3 $17 Rh6 25. e5 dxe5 26. Qa7) 24... Qd8 (24... Bxb5 $19 25. Nxb5 Qd8) 25. Bxd7+ (25. Bc6 $17) 25... Qxd7 26. Rh1 Bh6 $2 ({Better is} 26... Rh6 $19 {Threatens to win with ...Kf8.} 27. e5 dxe5) 27. Ne2 $1 $11 Qe7 {Hoping for ...h4.} 28. Qa4+ Kf8 {...h4 is the strong threat.} 29. Rxh5 Qf6 {Strongly threatening ...Rb4.} 30. b3 {Active counter play!} Bxf4+ 31. Nxf4 Qxf4+ 32. Kb1 g3 $2 {[%mdl 8192]} (32... Rg5 $11 33. Rh8+ Rg8) 33. Rf5 $2 ({Only move:} 33. Qa7 $18 Rxb3+ 34. cxb3) 33... Qg4 34. Rg1 Rd8 $2 {[%mdl 8192]} (34... Kg8 $11 {and Black stays safe.}) 35. Qa7 $18 {[%csl Gf5][%cal Ra7f7]} Rg7 {[#]} 36. Qc7 $2 $40 {[%mdl 128] White has strong attack.} (36. Rh1 $1 $18 {[%cal Rh1h8] is the precise move to win. White threatens Rh8+ and mate.} Kg8 37. Qe7) 36... Qh4 {[%mdl 8192] [#]} (36... Ke8 $16) 37. Rxg3 $1 {[%cal Of5h5][%mdl 512]} Qh1+ (37... Ra8 38. Qxd6+) 38. Kb2 {[%cal Rc7d8] White mates.} Ra8 39. Qxd6+ Kg8 40. Rxg7+ Kxg7 41. Qf6+ Kh7 42. Qxf7+ Kh6 {What a bad dream for Black.  Weighted Error Value: White=0.50/Black=0.90} 1-0

[Event "Charlotte Spring-B 2022"]
[Site "Charlotte"]
[Date "2022.03.20"]
[Round "8.1"]
[White "Wang, Tianqi"]
[Black "Plotkin, Mark"]
[Result "1-0"]
[WhiteElo "2322"]
[BlackElo "2400"]
[Annotator "TA"]
[PlyCount "80"]
[EventDate "2022.03.16"]
[EventType "tourn"]
[EventCountry "USA"]
[SourceTitle "playchess.com"]
[Source "ChessBase"]
[SourceQuality "1"]

{[%evp 22,80,-6,-12,-20,-20,-7,-6,0,0,0,-33,-14,-2,-6,-21,-4,-64,-64,-145,-15,-18,10,10,52,61,162,174,167,172,159,162,160,147,204,215,199,216,216,104,210,216,258,248,350,301,329,320,569,471,506,460,419,288,2240,547,1228,676,29965,29965,4794]} 1. Nf3 Nf6 2. c4 c6 3. b3 d5 4. Bb2 Bf5 5. g3 h6 6. Bg2 e6 7. O-O Nbd7 8. d3 Be7 9. Nbd2 O-O 10. Qc2 a5 11. a3 Bh7 12. Rac1 Qb6 {A12: English Opening: 1...c6 with b3 by White.} 13. cxd5 exd5 14. e4 dxe4 {The position is equal.} 15. dxe4 Rfe8 {[#]} 16. Qc4 $146 ({Predecessor:} 16. Nc4 Qc7 17. Nfe5 Nc5 18. f3 Bf8 19. Qc3 b5 20. Ne3 b4 21. axb4 axb4 22. Qc4 Rxe5 23. Bxe5 Qxe5 {0-1 (33) Taus,M (2124)-Motuz,K (2366) Tatranske Zruby 2003}) 16... Rad8 17. e5 Nd5 18. Qg4 Bf8 19. Bd4 ({White should play} 19. Rfe1 $11) 19... Qb5 20. Bb2 ({Better is} 20. a4 $15 Qd3 21. Rfd1) 20... Qd3 (20... Nc5 $1 $17 {Strongly threatening ...Nd3.} 21. e6 Nxe6) 21. Rfd1 $11 Nc5 {[%cal Od5e3] ...Ne3! is the strong threat.} 22. Nc4 {Prevents Ne3.} Qxb3 (22... Qg6 $11 {feels stronger.} 23. Qxg6 Bxg6 24. Nxa5 Nd3 25. Rxd3 Bxd3) 23. Nd4 $14 Qa4 {White stays focused until the end.} (23... Qa2 $14 24. Bf1 Nb6) 24. Bxd5 $18 Rxd5 25. Nb6 {[%csl LRa4,LRd5] To avoid Nd7} Rxd4 (25... h5 $2 26. Qf3 (26. Qxh5 Rdxe5 27. Qg4 Qxd1+ 28. Qxd1 Nd3 $18) 26... Qxd1+ 27. Rxd1 $18) 26. Bxd4 (26. Qxd4 Qb5 27. a4 Qb3 $15) (26. Rxd4 $2 Qb3 27. Nc4 b5 $19) 26... Qxa3 27. Nc4 Qb4 (27... Qb3 $16) 28. Nd6 $1 Bxd6 29. exd6 {[%csl Gd4][%cal Rg4g7]} Ne6 {[#] Hoping for ...Rd8.} 30. d7 $40 {[%mdl 128] White goes for the king. Dancing on a razor blade.} (30. Re1 $1 $18 {[%cal Oe1e6] White threatens Rxe6! and mate.} Bf5 31. Qxf5 (31. d7 Rf8 $16) 31... Qxd4 32. Rcd1 (32. Qxa5 Qxd6 33. Rcd1 Qe7 $11)) 30... Rd8 {[#]} (30... Rf8 $16) 31. Re1 $1 {[%mdl 1024] White has strong compensation.} Qf8 {[#]} (31... Qxd4 $2 32. Qxd4 Bg6 33. Qd6 $18) (31... Bf5 32. Qxf5) 32. Rcd1 $1 Bc2 (32... h5 $142 33. Qe2 (33. Qxh5 Rxd7 34. Bc3 Rxd1 $14) 33... Nxd4 34. Rxd4 Bf5) 33. Rd2 Bb3 34. Bb6 $1 {[%csl LRa5,LRd8]} Bd5 $2 {[#]} (34... Rb8 {was worth a try.} 35. Qxe6 Bxe6) 35. Rxd5 $1 {[%mdl 512]} cxd5 36. Rxe6 Rxd7 37. Re3 Qd6 (37... f5 38. Qa4 Qd6 39. Qxa5 Kh7) 38. Bd4 (38. Re8+ $142 Kh7 39. Bd4) 38... f6 {[#]} 39. Bxf6 {[%mdl 512]} h5 (39... Rc7 40. Qg6) 40. Qg6 Qxf6 {Weighted Error Value: White=0.43/Black=0.71} 1-0

[Event "Charlotte Spring-B 2022"]
[Site "Charlotte"]
[Date "2022.03.20"]
[Round "8.2"]
[White "Arjun, Vishnuvardhan"]
[Black "Almeida Saenz, Alfonso"]
[Result "1-0"]
[WhiteElo "2268"]
[BlackElo "2259"]
[Annotator "TA"]
[PlyCount "81"]
[EventDate "2022.03.16"]
[EventType "tourn"]
[EventCountry "USA"]
[SourceTitle "playchess.com"]
[Source "ChessBase"]
[SourceQuality "1"]

{[%evp 16,81,-11,-41,-24,-35,-29,-35,-29,-31,-13,-20,-30,-27,-25,-24,-22,-54,-47,-50,-47,-100,-55,-60,-46,-71,-39,-50,-40,-40,-10,-14,-13,-18,-10,-9,-8,-23,-13,-28,-38,-29,-10,-21,0,-14,0,0,26,26,45,26,254,202,1920,1682,29986,29983,29985,29986,29986,29987,29996,29997,29997,29998,29998,29999]} 1. c4 Nf6 2. g3 c6 3. Bg2 d5 4. cxd5 cxd5 5. Nf3 Nc6 6. d4 Bf5 7. Nc3 e6 8. O-O Be7 9. Bg5 h6 {D13: Slav Defence: Exchange variation without ...Bf5.} 10. Bxf6 Bxf6 11. e3 O-O {Black is slightly better.} 12. Rc1 Qe7 {[#]} 13. Qe2 $146 ({Predecessor:} 13. Na4 Rfc8 14. Qd2 Qb4 15. b3 Qxd2 16. Nxd2 Nb4 17. a3 Nd3 18. Rc3 b5 19. Nc5 Nxc5 20. Rxc5 {0-1 (52) Bautista Sanchez,J (2176)-Perez Manas,B (2300) Barcelona 2016}) 13... Rfc8 14. a3 Qd8 15. Na4 Rc7 16. b4 Rac8 {[%cal Oc6d4]} 17. Qd2 Be7 {[%cal Oa7a5]} 18. Rc3 {[#]} (18. Nc5 $15) 18... Nb8 (18... a5 $1 $17 {[%cal Ra5b4]} 19. b5 Nb8 20. Rxc7 Qxc7) 19. Rfc1 $15 a5 20. Qb2 axb4 21. axb4 Rxc3 22. Rxc3 Nc6 23. b5 Na5 {Threatening ...Nc4.} 24. Nd2 Ra8 {[%cal Oa5c4]} 25. Nc5 b6 26. Na6 Rc8 27. Qc1 Rxc3 28. Qxc3 Bd6 29. Bf1 Kf8 30. Nf3 Ke8 31. Ne5 Bxe5 32. dxe5 Kd7 33. f3 Qc8 $2 {This costs Black the game.} (33... g5 $11 {and Black has nothing to worry.}) 34. Qd4 {[#] Black must now prevent e4.} Qc1 $2 (34... Qd8 35. e4 Bg6 36. exd5 exd5) 35. Qxb6 $18 {Intending Nc5+ and mate.} Bh3 36. Qd6+ {White mates.} Kc8 37. Qf8+ Kd7 38. Nc5+ Kc7 39. Qd6+ Kc8 40. Qd7+ Kb8 41. Qd8+ {Weighted Error Value: White=0.11 (very precise) /Black=0.39} 1-0

[Event "Charlotte Spring-B 2022"]
[Site "Charlotte"]
[Date "2022.03.20"]
[Round "8.3"]
[White "Adewumi, Tanitoluwa"]
[Black "Ngo, Bach"]
[Result "0-1"]
[WhiteElo "2190"]
[BlackElo "2306"]
[Annotator "TA"]
[PlyCount "100"]
[EventDate "2022.03.16"]
[EventType "tourn"]
[EventCountry "USA"]
[SourceTitle "playchess.com"]
[Source "ChessBase"]
[SourceQuality "1"]

{[%evp 9,100,-11,0,0,0,0,9,-17,21,19,20,-37,-25,-39,-39,-42,-40,-27,-30,-98,-93,-188,-168,-171,-164,-203,-201,-147,-133,-227,-155,-233,-250,-247,-291,-270,-264,-260,-148,-148,-148,-176,-175,-216,-155,-155,-155,-155,-155,-155,-155,-155,-155,-155,-138,-155,-155,-390,-391,-675,-658,-637,-632,-963,-874,-878,-865,-808,-780,-672,-598,-597,-565,-532,-537,-891,-897,-927,-884,-793,-723,-891,-757,-29976,-29977,-29973,-29978,-29978,-132,-29979,-29980,-29977,-29974]} 1. d4 Nf6 2. c4 e6 3. Nf3 d5 4. Qc2 dxc4 5. Qxc4 a6 6. Bf4 {D30: Queen's Gambit Declined: Systems without Nc3.} Bd6 7. Bxd6 cxd6 {[#]} 8. Nc3 $146 {[%cal Bb1c3,Bc3a4,Ba4c5][%mdl 32] The position is equal.} ({Predecessor:} 8. e3 O-O 9. Be2 b5 10. Qb3 Bb7 11. Nc3 Nc6 12. O-O Na5 13. Qb4 Rc8 14. Rfc1 Bxf3 15. gxf3 {1-0 (37) Bus,K (2237)-Bosiocic,M (2624) Katowice 2017}) 8... d5 9. Qd3 O-O 10. Ne5 ({White should play} 10. e3 $11) 10... Nbd7 {[%cal Of6e4]} 11. f4 b5 {[%cal Bb7b5,Bb5b4][%mdl 32]} 12. g3 b4 13. Na4 Nxe5 14. fxe5 (14. dxe5 $11 Ne4 15. Qd4) 14... Ne4 $17 {Threatens to win with ...Qa5.} 15. Rc1 (15. Nc5 $17) 15... Bd7 16. Nc5 {[#]} Qg5 $1 $36 {[%mdl 2048] Black has strong initiative.} 17. Rc2 (17. Qc2 Rac8) 17... Bb5 18. Qf3 Nxc5 {Black is more active.} 19. Rxc5 (19. dxc5 $17 f6 20. Qf4) 19... Rac8 20. Rxc8 (20. Qf4 $17 {was worth a try.} Qe7 21. Rxc8 Rxc8 22. Qd2) 20... Rxc8 $19 21. e3 {[#]} Bxf1 (21... Rc1+ 22. Kd2 Rc8 23. Bxb5 axb5 24. Rc1 $11) 22. Rxf1 {[%mdl 4096] Endgame KQR-KQR} Qg6 23. e4 Qxe4+ ({Weaker is} 23... dxe4 24. Qe3 $17) (23... Rc1+ $19 24. Kd2 Rxf1 25. Qxf1 Qxe4) 24. Qxe4 $17 dxe4 $19 {KR-KR} 25. Kd2 {[#] Inhibits Rc1.} Rc4 $1 26. Rf2 (26. Rf4 $142) 26... Rxd4+ 27. Ke3 Rc4 28. b3 Rc5 29. Rd2 {[%cal Rd2d8]} Rd5 {To avoid Rd8+. Strongly threatening ...Rxd2.} 30. Rc2 {White wants to mate with Rc8+.} g5 {[%cal Bg7g5,Bg5g4][%mdl 32]} 31. Kxe4 Kg7 32. Rf2 h5 33. h4 $2 (33. Rg2 $17 {might work better.}) 33... g4 34. Kf4 $2 (34. Rc2 a5 35. Kf4) 34... Kg6 {...Rd1 is the strong threat.} 35. Ke4 Rd1 {White must now prevent ...Re1+.} 36. Rf6+ Kg7 37. Rf2 Rg1 38. Kf4 Kg6 {Hoping for ...Re1.} 39. Re2 {To avoid Re1} Rf1+ 40. Ke4 Rf3 41. Rg2 a5 42. Rg1 Rf2 {Inhibits Rg2.} 43. Ra1 Re2+ 44. Kd4 Rc2 45. Ke4 Rg2 46. Kf4 Re2 47. Rc1 f6 {[%csl Ge2][%cal Rf6e5]} 48. Rc5 fxe5+ 49. Rxe5 Rxe5 50. Kxe5 Kf7 {Weighted Error Value: White=0.62/Black=0.11 (very precise)} 0-1

[Event "Charlotte Spring-B 2022"]
[Site "Charlotte"]
[Date "2022.03.20"]
[Round "8.4"]
[White "Poliannikov, Danila"]
[Black "Mishra, Prateek"]
[Result "1/2-1/2"]
[WhiteElo "2273"]
[BlackElo "2128"]
[Annotator "TA"]
[PlyCount "90"]
[EventDate "2022.03.16"]
[EventType "tourn"]
[EventCountry "USA"]
[SourceTitle "playchess.com"]
[Source "ChessBase"]
[SourceQuality "1"]

{[%evp 23,90,27,33,20,48,41,42,10,35,23,41,48,46,0,-47,-25,119,131,118,105,110,123,147,166,243,200,219,164,143,64,286,292,417,398,385,323,282,22,22,22,20,19,23,22,22,23,44,44,44,44,44,44,44,44,61,30,30,30,30,8,8,8,8,8,8,8,8,0,8]} 1. e4 e5 2. Nf3 Nc6 3. Bb5 a6 4. Ba4 Nf6 5. O-O Be7 6. Re1 b5 7. Bb3 d6 8. c3 O-O 9. h3 Nb8 10. d4 Nbd7 11. Nbd2 Bb7 12. Bc2 Re8 13. b3 {C95: Closed Ruy Lopez: Breyer Variation with 10 d4.} a5 14. Bb2 {[#]} b4 $146 ({Predecessor:} 14... Bf8 15. a3 g6 16. Bd3 c6 17. Qc2 Rc8 18. b4 axb4 19. cxb4 exd4 20. Bxd4 Bg7 {½-½ (63) Thipsay,P (2400)-Navalgund,N (2240) Jammu 2018}) 15. dxe5 {White is slightly better.} dxe5 16. Nc4 Nc5 17. Qb1 ({But not} 17. Ncxe5 Ncxe4 18. c4 Qxd1 19. Raxd1 Bc5 $11) 17... Bd6 18. Nxa5 Rxa5 $15 19. cxb4 {[%cal Bc3b4,Bb4a5,Ba5a6][%mdl 32] [#]} Nxb3 20. bxa5 $16 Nxa1 21. Qxa1 {[%cal Rf3e5]} Qa8 {[%csl LRa5,LRe4]} 22. Nxe5 ({Don't do} 22. Bxe5 Bxe5 23. Nxe5 Qxa5 $14) 22... Nxe4 {[#]} 23. a6 $1 Bd5 (23... Qxa6 $142 24. Bxe4 Bxe4) 24. Ng4 $18 Bf8 25. Qd1 Re6 26. Qd3 (26. Bd3 $16) 26... Bc5 $2 (26... h5 $1 $14) 27. Bd4 {Strongly threatening Bxc5.} Bb4 (27... Bf8 $142 28. f3 Qxa6) 28. Rb1 c5 29. Rxb4 cxb4 30. f3 $2 (30. Ne3 $18 Bc6 31. f3) 30... Qxa6 $11 31. fxe4 {Hoping for Qg3.} Qxd3 32. Bxd3 Bxe4 33. Bc4 Rd6 34. Bc5 {[%csl LRb4,LRd6] A strong pair of Bishops.} Rc6 {[#]} 35. Bxf7+ $1 Kxf7 $14 {[%mdl 4096] Endgame KRB-KBN} 36. Ne5+ Ke6 37. Nxc6 Bxc6 38. Bxb4 {KB-KB} h5 39. Kf2 h4 40. Ba5 g5 41. a3 Kf5 {The position is equal.} 42. Bb6 Kf4 43. Bc5 Bd7 44. Be3+ Kf5 45. Bc5 Bc6 {Black defended with fortune.  Weighted Error Value: White=0.28 (precise) /Black=0.27 (precise)} 1/2-1/2

[Event "Charlotte Spring-B 2022"]
[Site "Charlotte"]
[Date "2022.03.20"]
[Round "8.5"]
[White "Johnson, Donald"]
[Black "Rusonik, Max"]
[Result "1-0"]
[WhiteElo "2060"]
[BlackElo "2141"]
[Annotator "TA"]
[PlyCount "115"]
[EventDate "2022.03.16"]
[EventType "tourn"]
[EventCountry "USA"]
[SourceTitle "playchess.com"]
[Source "ChessBase"]
[SourceQuality "1"]

{[%evp 12,115,18,0,13,5,37,20,47,0,0,25,39,45,97,102,120,114,141,152,145,110,187,190,179,162,227,236,214,171,320,341,339,185,443,446,499,342,357,356,332,339,367,359,362,376,370,366,371,347,381,379,414,393,387,389,389,397,404,396,405,281,420,411,406,184,170,162,157,189,170,178,178,128,128,45,29,46,35,0,0,0,0,0,0,0,0,-477,-456,-518,-477,-737,-580,-735,-725,-686,-639,-564,0,-997,-997,-909,0,0,29972,4780]} 1. e4 c5 2. Nf3 d6 3. d4 cxd4 4. Nxd4 Nf6 5. Nc3 a6 6. h3 e5 {The main line 6...e5 scores better than 6...e6.} 7. Nb3 Be6 {B90: Sicilian Najdorf: Unusual White 6th moves, 6 Be3 Ng4 and 6 Be3 e5.} 8. Be3 h6 9. Qf3 Be7 {The position is equal.} 10. g4 (10. O-O-O $14 {was preferrable.}) 10... Nbd7 $11 11. Nd5 {[#]} Qc8 $146 ({Predecessor:} 11... Bxd5 12. exd5 e4 13. Qg2 Nxd5 14. Qxe4 Nxe3 15. Qxe3 Qb6 16. Qxb6 Nxb6 17. Bg2 O-O-O {½-½ (36) Frijling,J (2345)-Canamas Soler,J (2375) ICCF email 2019}) 12. O-O-O Bxd5 (12... Qc6 $14) 13. exd5 $16 Bd8 14. h4 h5 15. g5 {White is more active.} Ng4 16. Bh3 $1 Qc4 (16... Nxe3 $16 17. fxe3 g6) 17. Kb1 $1 $18 Rc8 {[#]} 18. Rc1 e4 (18... Nb6 $142) 19. Qf5 g6 20. Qf4 Nde5 (20... Qxd5 {was worth a try.} 21. Rcd1 (21. Rhd1 Qe5 $16) 21... Qe5) 21. Nd2 $1 {[%csl LRc4,LRe4]} Qxd5 22. Nxe4 ({Less strong is} 22. Qxe4 Qxe4 23. Nxe4 O-O $16) (22. Rhd1 $142 Nc4 23. Nxe4) 22... Be7 $2 (22... Rc4) 23. Rhd1 Qc4 24. f3 Nxe3 25. Qxe3 {The board is on fire.} O-O 26. Bxc8 (26. Nxd6 Bxd6 27. Rxd6 (27. Bxc8 Qxc8 28. Rxd6 Nc4 $11) 27... Rce8 $14) 26... Qxc8 27. Nc3 {[%cal Be4c3,Bc3d5,Bd5e3][%mdl 32]} Qh3 28. Nd5 Bd8 29. f4 {[%csl LRe5,LRh3]} Qxe3 30. Nxe3 Nf3 31. Ng2 Re8 32. Rd3 Re2 33. Rxf3 Rxg2 {[%mdl 4096] Endgame KRR-KRB} 34. Re1 Kg7 35. c3 Rg4 36. Rh1 f5 (36... f6 {keeps fighting.} 37. Rd3 Be7) 37. Re1 Kf7 38. Rfe3 (38. c4 $142) 38... Rxf4 39. Re8 Rf1 40. Kc2 Rxe1 41. Rxe1 {KR-KB} Bb6 42. Re2 (42. Kd3 $18) 42... d5 $16 43. Re5 (43. Kd2 $16) 43... Bf2 $14 44. Rxd5 {And now Rd7+ would win.} Ke6 {To avoid Rd7} 45. Rd8 Bxh4 46. Rg8 Kf7 47. Rb8 Bxg5 {...Be7 is the strong threat.} 48. Rxb7+ Be7 $1 {aiming for ...g5.} 49. Kd3 $2 {[%mdl 8192]} (49. c4 $1 $11 {and White is okay.} Kf6 50. Rb6+ Kf7 51. Kd2 (51. Rxa6 h4 $11)) 49... h4 $19 {[%cal Bh5h4,Bh4h3][%mdl 32] Hoping for ...h3.} 50. Ke2 h3 51. Kf1 (51. Rd7 $142 g5 52. Kf2) 51... g5 {Strongly threatening ...g4.} 52. c4 g4 53. c5 g3 {Threatens to win with ...f4.} 54. c6 g2+ $2 (54... Ke6 $19 55. b4 (55. c7 $2 g2+ 56. Kf2 Bc5+ 57. Kf3 Kd7 $19) 55... Bf6) 55. Kf2 {[%mdl 8192]} (55. Kg1 $11 Ke6 56. b4) 55... Ke6 56. b4 {Prevents Bc5+.} Bh4+ $2 (56... Bg5 $19 {[%cal Og5e3] ( -> ...Be3+!)} 57. Rg7 {[#]} Be3+ $1 {[%mdl 512]} 58. Kxe3 h2 59. Rxg2 h1=Q) 57. Kg1 $11 {Black must now prevent Rg7.} f4 $2 {[%mdl 8192]} (57... Bg5 $11 58. Rg7 Bf4) 58. Rh7 {Both players deserved the win here.  Weighted Error Value: White=0.57/Black=0.51} 1-0